[Event "Tel Aviv"]
[Site "Tel Aviv"]
[Date "1987.??.??"]
[Round "?"]
[White "Gradstein, Mark"]
[Black "Shrentzel, Mordechai"]
[Result "0-1"]
[WhiteElo "2290"]
[BlackElo "2295"]
[PlyCount "73"]
[EventDate "1987.??.??"]
[EventType "tourn"]
[EventRounds "11"]
[EventCountry "ISR"]
[EventCategory "5"]
[SourceTitle "EXT 1997"]
[Source "ChessBase"]
[SourceDate "1996.11.15"]
[SourceVersion "1"]
[SourceVersionDate "1996.11.15"]
[SourceQuality "1"]

1. e4 e5 2. Nf3 Nf6 3. d4 Nxe4 4. Nxe5 d6 5. Nf3 Be7 6. Bd3 Ng5 7. Nxg5 Bxg5 8. 0-0 Bxc1 9. Re1+ Be6 10. Qxc1 0-0 11. Qf4 Nd7 12. Nd2 Qf6 13. Qe4 Qh6 14. c4 c6 15. b3 Nf6 16. Qe3 Qxe3 17. Rxe3 a5 18. a3 Rfe8 19. f3 Bd7 20. Rxe8+ Rxe8 21. Kf2 Kf8 22. h4 h6 23. g3 c5 24. dxc5 dxc5 25. Ne4 Nxe4+ 26. Bxe4 b6 27. Rd1 Be6 28. Bd5 Rd8 29. Ke2 Bxd5 30. Rxd5 Rxd5 31. cxd5 b5 32. g4 Ke7 33. Kd3 Kd6 34. Ke4 g5 35. h5 f6 36. Kf5 Kxd5 37. Kxf6 0-1